000 00869nam a2200277 i 4500
003 DO-SdBNP
005 20240710120731.0
007 ta
008 240710b1997 sp ||||| |||| 00| 0 spa d
020 _a8433908308
040 _aDO-SdBNP
_bspa
_cBNPHU
_erda
082 4 _222
100 _aFord, Richard J.,
_962429
_eautor
245 1 3 _aEl día de la independencia /
_cRichard Ford ; traducción, Mariano Antolin Rato
250 _a5a edición
264 _aBarcelona :
_bAnagrama
_c1997.
300 _a564 páginas ;
_c22 cm.
336 _2rdacontent
_atexto
_btxt
337 _2rdamedia
_asin mediación
_bn
338 _2rdacarrier
_avolumen
_bnc
500 _aIncluye datos biográficos del autor en la solapa de la cubierta
590 _aInventariado, 2024/BT
700 _aAntolín Rato, Mariano,
_etraductor
_946981
910 _aBtavárez
942 _2ddc
_cLBS1
999 _c57242
_d57242